Popularne sklepy w polsce - Statystyki

Ogólne statystyki
  • Ten quiz został rozwiązany 127 razy
  • Średni wynik to 14 z 36
Statystyki odpowiedzi
Sklepy % Poprawnych
Biedronka
99%
Lidl
98%
Żabka
76%
Kaufland
69%
Dino
68%
Auchan
64%
Carrefour
64%
Pepco
62%
Netto
61%
Aldi
56%
CCC
56%
Stokrotka
56%
Rossmann
48%
Ikea
46%
Action
38%
Deichmann
37%
Leroy Merlin
37%
Castorama
35%
Agata meble
31%
Kik
31%
Obi
30%
Tedi
30%
Jysk
29%
Mrówka
25%
Black Red White
23%
Decathlon
23%
Deelz
23%
Empik
23%
Makro
23%
Bricomarche
20%
Bodzio
19%
Jula
17%
Selgros
15%
Spar
7%
Carry
4%
Duży Ben
2%
Nie znaleziono quizów pasujących do podanych kryteriów
Rozkład punktacji
Procent ludzi z każdym wynikiem
Percentyl według liczby udzielonych odpowiedzi
Twoja historia wyników
Nie rozwiązałeś tego quizu